General Knowledge Quiz 210 - Statistics

General Stats
  • This quiz has been taken 73 times
  • The average score is 4 of 11
Answer Stats
Hint Answer % Correct
What instrument did Miles Davis play? Trumpet
83%
What sport do the terms Apron, Fairway, and Rough relate to? Golf
79%
What is the largest city on the island of Java? Jakarta
64%
Where would one find a turboprop? Airplane
39%
What industry is the Star Alliance associated with? Airline
38%
What type of book did Roget publish? Thesaurus
33%
What is a Mollymawk? Bird
24%
What is the Tokyo Telecommunications Engineering Corporation now known as? Sony
20%
What role did William Barr serve twice, in two different US administrations? Attorney general
18%
What is phytology more commonly known as? Botany
9%
Which US state was Bill Bryson born in? Iowa
8%
No matching quizzes found
Score Distribution
Percent of People with Each Score
Percentile by Number Answered
Your Score History
You have not taken this quiz